000 00797cab a2200253 4500
001 WB3302-18
008 090401t1997 xxu||||| |||| 00| 0 eng d
035 _a(Sirsi) u19492
041 _aeng
245 _aMotorway deal
260 _c1997
350 _a0
490 _aDaily Telegraph
_v8 January 1997, 25(1)
520 _aA consortium including Amey, McAlpine and Taylor Woodrow has won the largest PFI road contract to date. The contract is the ninth to be awarded under the PFI roads programme.
650 _aPFI
650 _aPRIVATE FINANCE INITIATIVE
650 _aROAD BUILDINGS
650 _aROAD CONTRACTS
650 _aROAD SCHEMES
690 _aPROPERTY-PROPERTY FINANCE AND INVESTMENT
690 _aTRANSPORT AND COMMUNICATIONS
942 _n0
948 _c04/03/1997
999 _c13017
_d13017